Harry Potter: Eeylops, au Royaume du Hibou - Statistiques

Statistiques générales
  • Ce quiz a été pris 37 fois
  • Le résultat moyen est 7 sur 13
Statistiques - réponses
Information Réponses % Correct
Première apparition Harry Potter à l'école des sorciers
94%
Pays Royaume-Uni
94%
Nation Angleterre
91%
Emplacement Chemin de Traverse
88%
Dernière apparition Harry Potter et le Prince de Sang-Mêlé
88%
Ville Londres
85%
Fonction Commerce
79%
Animal vendu Hibou grand-duc
21%
Animal vendu Chouette effraie
15%
Animal vendu Chouette lapone
15%
Animal vendu Chouette hulotte
12%
Animal vendu Hibou petit-duc
12%
Animal vendu Chouette des bois
9%
Aucun quiz correspondant
Distribution des résultats
% des personnes avec chaque résultat
Percentile par nombre de réponses
Votre historique - résultats
Vous n’avez pas pris ce quiz